| 000 | 01042nam a2200301 a 4500 | ||
|---|---|---|---|
| 001 | 42034 | ||
| 003 | (BD-RJUL) | ||
| 005 | 20211209053502.0 | ||
| 008 | 160608s1985 cou b 001 0 eng | ||
| 035 | _aMITb10234890 | ||
| 035 | _a(OCoLC)11550659 | ||
| 035 |
_aGLIS00234890 _a(BD-RJUL) 42152 |
||
| 040 |
_aDLC _cDLC _dMYG _d(BD-RJUL) _beng |
||
| 041 | _aeng | ||
| 082 |
_223 _a327.7291 _bERC 1985 |
||
| 099 | _aF1788.E68 1985 | ||
| 100 | 1 |
_aErisman, H. Michael. _9129229 |
|
| 245 | 1 | 0 |
_aCuba's international relations : _bthe anatomy of a nationalistic foreign policy / _cH. Michael Erisman. |
| 260 |
_aBoulder : _bWestview Press, _c1985. |
||
| 300 |
_axv, 203 p. ; _c24 cm. |
||
| 490 | 1 | _aWestview special studies on Latin America and the Caribbean | |
| 504 | _aIncludes bibliographies and index. | ||
| 651 | 0 |
_aCuba _xForeign relations _y1959-1990. _9122456 |
|
| 830 | 0 |
_aWestview special studies on Latin America and the Caribbean. _9129233 |
|
| 942 |
_2ddc _cBK |
||
| 949 |
_aMYGD _b39080003370035 |
||
| 999 |
_c42034 _d42034 |
||